00383nam a2200109 a 4500008004100000050001900041100002600060245002000086246006600106260009200172350000900264120416s2004 ||||||||||||||||| || u aTHESIS/STUDENT aTembo, Kosta Chipozya10aBuilding ethics aa study of access and use of public buildings by the disabled aKitwebCopperbelt University, School of Built Environment, Department of Buildingc2004 a0.00